El Jaguar y la araña. El diablo Barba Verde : leyendas mapuches /
En este libro encontrarás dos leyendas; la primera, "El jaguar y la araña", cuenta andanzas de un joven que al huir de sus enemigos consigue dos ayudas totalmente inesperadas. En la segunda, "El diablo Barba Verde", una pareja enfrenta con astucia a un horrible demonio de la mont...
Guardado en:
| Autor Principal: | |
|---|---|
| Otros Autores: | , |
| Formato: | Libro |
| Idioma: | Undetermined |
| Publicado: |
Buenos Aires :
Arte Gráfico,
2005.
|
| Edición: | 1a ed. |
| Series: | Cuentos y leyendas de mi país - Genios ;
1 |
| Materias: | |
| Etiquetas: |
Agregar Etiqueta
Sin Etiquetas, Sea el primero en etiquetar este registro!
|
| LEADER | 01188nam a22002415a 4500 | ||
|---|---|---|---|
| 001 | CEM.cems021325 | ||
| 008 | 240731s2005####ag############000#0#und#d | ||
| 005 | 20240731175404.0 | ||
| 245 | 1 | 0 | |a El Jaguar y la araña. El diablo Barba Verde : |b leyendas mapuches / |c Selección y adaptación de Miguel Ángel Palermo ; ilustrado por Aldo Chiappe y Alberto Pez. |
| 250 | |a 1a ed. | ||
| 260 | |a Buenos Aires : |b Arte Gráfico, |c 2005. | ||
| 300 | |a 50 p. | ||
| 490 | 1 | |a Cuentos y leyendas de mi país - Genios ; |v 1 | |
| 520 | |a En este libro encontrarás dos leyendas; la primera, "El jaguar y la araña", cuenta andanzas de un joven que al huir de sus enemigos consigue dos ayudas totalmente inesperadas. En la segunda, "El diablo Barba Verde", una pareja enfrenta con astucia a un horrible demonio de la montaña. Magia y mucho más, en dos cautivantes relatos del pueblo mapuche. | ||
| 020 | |a 9507825266 | ||
| 100 | 1 | |a Palermo, Miguel Ángel. | |
| 700 | 1 | |a Chiappe, Aldo; il. | |
| 700 | 1 | |a Pez, Alberto; il. | |
| 653 | |a Leyendas | ||
| 653 | |a Leyendas argentinas | ||
| 653 | |a Mapuches | ||
| 653 | |a Pueblos originarios | ||
| 859 | |a CEMS |b BIB. CEMS - Inicial y Primaria |h 398.2 |i P174-27 |k IP |p 3720 |t Ej.1 | ||
